000 01235cam a22003134a 4500
001 12403479
003 OSt
005 20220608143153.0
008 010509s2003 mauab 001 0 eng
010 _a 2001034554
020 _a0072897546 (student's edition : acidfree paper)
020 _a0072897554 (instructor's edition : acidfree paper)
040 _aDLC
_cHU
_dDLC
041 0 _aengfre
042 _apcc
050 0 0 _aPC2129.E5
_bS546 2003
082 0 0 _a448.2/421 SIS 2003
_221
100 1 _aSiskin, H. Jay.
_936917
245 1 0 _aDébuts :
_ban introduction to French /
_cH. Jay Siskin, Ann Williams-Gascon, Thomas T. Field.
260 _aBoston :
_bMcGraw-Hill,
_cc2003.
300 _axxxiii, 482, 58 p. :
_bcol. ill., col. maps ;
_c27 cm.
500 _aIncludes index.
650 0 _aFrench language
_vTextbooks for foreign speakers
_xEnglish.
_918391
700 1 _aWilliams-Gascon, Ann.
_936918
700 1 _aField, Thomas T.
_936919
906 _a7
_bcbc
_corignew
_d1
_eocip
_f20
_gy-gencatlg
942 _2ddc
_cBOOKS
_n0
999 _c35499
_d35499